Z jakiego kontynentu jest dany kraj? - Statystyki

Ogólne statystyki
  • Ten quiz został rozwiązany 163 razy
  • Średni wynik to 17 z 20
Statystyki odpowiedzi
Kraj Kontynent % Poprawnych
Algieria Afryka
100%
Angola Afryka
100%
Benin Afryka
100%
Czad Afryka
100%
Gambia Afryka
100%
Kamerun Afryka
100%
Kongo Afryka
100%
Libia Afryka
100%
Mali Afryka
100%
Maroko Afryka
100%
Nigeria Afryka
100%
Senegal Afryka
100%
Seszele Afryka
100%
Sudan Afryka
100%
Tanzania Afryka
100%
Tunezja Afryka
100%
Kuba Ameryka Północna
100%
Saint Lucia Ameryka Północna
100%
Saint Vincent i Grenadyny Ameryka Północna
100%
Trynidad i Tobago Ameryka Północna
100%
Brazylia Ameryka Południowa
100%
Ekwador Ameryka Południowa
100%
Afganistan Azja
100%
Indie Azja
100%
Japonia Azja
100%
Jordania Azja
100%
Katar Azja
100%
Kirgistan Azja
100%
Laos Azja
100%
Malezja Azja
100%
Mongolia Azja
100%
Nepal Azja
100%
Pakistan Azja
100%
Uzbekistan Azja
100%
Zjednoczone Emiraty Arabskie Azja
100%
Austria Europa
100%
Czechy Europa
100%
Dania Europa
100%
Estonia Europa
100%
Łotwa Europa
100%
Słowenia Europa
100%
Cypr Europa/Azja
100%
Rosja Europa/Azja
100%
Madagaskar Afryka
92%
Niger Afryka
92%
Wybrzeże Kości Słoniowej Afryka
92%
Argentyna Ameryka Południowa
92%
Indonezja Azja
92%
Grecja Europa
92%
Norwegia Europa
92%
Haiti Ameryka Północna
91%
Arabia Saudyjska Azja
91%
Irak Azja
91%
Liban Azja
91%
Serbia Europa
91%
Szwajcaria Europa
91%
Szwecja Europa
91%
Egipt Afryka
90%
Kenia Afryka
90%
Namibia Afryka
90%
Kambodża Azja
90%
Albania Europa
90%
Bośnia i Hercegowina Europa
90%
Bułgaria Europa
90%
Hiszpania Europa
90%
Włochy Europa
90%
Demokratyczna Republika Kongo Afryka
89%
Gwinea Afryka
89%
Republika Zielonego Przylądka Afryka
89%
Kanada Ameryka Północna
89%
Bhutan Azja
89%
Filipiny Azja
89%
Iran Azja
89%
Syria Azja
89%
Andora Europa
89%
Litwa Europa
89%
Macedonia Północna Europa
89%
Monako Europa
89%
Sierra Leone Afryka
88%
Dominikana Ameryka Północna
88%
Panama Ameryka Północna
88%
Urugwaj Ameryka Południowa
88%
Wenezuela Ameryka Południowa
88%
Armenia Azja
88%
Gruzja Azja
88%
Oman Azja
88%
Wietnam Azja
88%
Nowa Zelandia Oceania
88%
Wyspy Salomona Oceania
88%
Erytrea Afryka
86%
Zimbabwe Afryka
86%
Dominika Ameryka Północna
86%
Bangladesz Azja
86%
Korea Północna Azja
86%
Timor Wschodni Azja
86%
Belgia Europa
86%
Białoruś Europa
86%
Malta Europa
86%
Polska Europa
86%
San Marino Europa
86%
Salwador Ameryka Północna
85%
Malediwy Azja
85%
Tajlandia Azja
85%
Francja Europa
85%
Chiny Azja
83%
Sri Lanka Azja
83%
Islandia Europa
83%
Kosowo Europa
83%
Ukraina Europa
83%
Fidżi Oceania
83%
Dżibuti Afryka
82%
Ghana Afryka
82%
Republika Południowej Afryki Afryka
82%
Wyspy Świętego Tomasza i Książęca Afryka
82%
Bahamy Ameryka Północna
82%
Azerbejdżan Azja
82%
Tajwan Azja
82%
Holandia Europa
82%
Słowacja Europa
82%
Watykan Europa
82%
Kazachstan Europa/Azja
82%
Burundi Afryka
80%
Gabon Afryka
80%
Rwanda Afryka
80%
Antigua i Barbuda Ameryka Północna
80%
Barbados Ameryka Północna
80%
Honduras Ameryka Północna
80%
Kolumbia Ameryka Południowa
80%
Bahrajn Azja
80%
Izrael Azja
80%
Turcja Europa/Azja
80%
Vanuatu Oceania
80%
Botswana Afryka
79%
Komory Afryka
78%
Togo Afryka
78%
Gwatemala Ameryka Północna
78%
Chile Ameryka Południowa
78%
Czarnogóra Europa
78%
Luksemburg Europa
78%
Niemcy Europa
78%
Kiribati Oceania
78%
Papua-Nowa Gwinea Oceania
78%
Samoa Oceania
78%
Tuvalu Oceania
78%
Meksyk Ameryka Północna
77%
Etiopia Afryka
75%
Gwinea-Bissau Afryka
75%
Mauretania Afryka
75%
Republika Środkowoafrykańska Afryka
75%
Belize Ameryka Północna
75%
Mjanma Azja
75%
Liechtenstein Europa
75%
Australia Oceania
75%
Burkina Faso Afryka
73%
Lesotho Afryka
73%
Jamajka Ameryka Północna
73%
Brunei Azja
73%
Kuwejt Azja
73%
Sudan Południowy Afryka
71%
Kostaryka Ameryka Północna
71%
Singapur Azja
71%
Chorwacja Europa
71%
Irlandia Europa
71%
Malawi Afryka
70%
Uganda Afryka
70%
Paragwaj Ameryka Południowa
70%
Portugalia Europa
70%
Węgry Europa
70%
Turkmenistan Azja
69%
Rumunia Europa
69%
Liberia Afryka
67%
Mozambik Afryka
67%
Zambia Afryka
67%
Saint Kitts i Nevis Ameryka Północna
67%
Stany Zjednoczone Ameryka Północna
67%
Peru Ameryka Południowa
67%
Tadżykistan Azja
67%
Mołdawia Europa
67%
Wielka Brytania Europa
67%
Nauru Oceania
67%
Palau Oceania
67%
Tonga Oceania
67%
Surinam Ameryka Południowa
63%
Korea Południowa Azja
63%
Mauritius Afryka
60%
Somalia Afryka
60%
Finlandia Europa
60%
Wyspy Marshalla Oceania
60%
Grenada Ameryka Północna
58%
Gwinea Równikowa Afryka
57%
Boliwia Ameryka Południowa
57%
Jemen Azja
57%
Mikronezja Oceania
57%
Suazi (Eswatini) Afryka
44%
Nikaragua Ameryka Północna
38%
Gujana Ameryka Południowa
38%
Nie znaleziono quizów pasujących do podanych kryteriów
Rozkład punktacji
Procent ludzi z każdym wynikiem
Percentyl według liczby udzielonych odpowiedzi
Twoja historia wyników
Nie rozwiązałeś tego quizu